000 00547nam a2200229Ia 4500
003 OSt
005 20220924152811.0
006 a|||||r|||| 00| 0
007 ta
008 220923b |||||||| |||| 00| 0 guj d
024 _a344727
037 _cTextual
040 _aARTS
_cARTS
_bguj
041 _2guj
_aguj
082 _aO156,1x, K8
100 _aTrivedi
_9209680
245 0 _aViratparva
260 _c1968
650 _aGUJRATI LITERATURE
942 _hO156,1x, K8
_cTEXL
_2CC
999 _c471050
_d471050